|
|
แสดงรายละเอียดบรรณานุกรม |
|
|
Brief Record
: Get Marc (ISO 2709)
: E-mail record
: |
|
|
| LEADER 00000nama 2200000uu 4500 | |||
| 001 182789 | |||
| 003 ULIBM | |||
| 008 040531s2541 th m m a000 0 tha d | |||
| 020 974-291-645-4 | |||
| 041 tha | |||
| 050 WM203 ก170ผ | |||
| 100 กรมสุขภาพจิต | |||
| 245 เทคโนโลยีการดูแลผู้ป่วยจิตเภท/กรมสุขภาพจิต | |||
| 260 นนทบุรี กรมสุขภาพจิต 2541 | |||
| 300 162 หน้า | |||
| 650 จิตเภท--การดูแล จิตเวชศาสตร์ผู้ป่วย--การดูแล | |||
| 998 1999-10-09 | |||
| 999 ^aใช้งานได้ทุกระบบ | |||
| คุณยังไม่ได้ล็อกอิน คุณสามารถมีกิจกรรมร่วมกับเว็บไซต์ได้ แต่ต้องล็อกอินก่อน :: |
|
| สถานะ | |||||||||
| 1. | หนังสือทั่วไป | WM203 ก170ผ 2541 | On Shelf ขอยืม | ||||||
| [แสดง 1/1 รายการ] | |||||||||
BibComment |
| คอมเมนท์ทรัพยากรรายการนี้ |
|
|